| 000 | 00337nam a2200109Ia 4500 | ||
|---|---|---|---|
| 008 | 171211s9999 xx 000 0 und d | ||
| 245 | _aNo-Limit Texas Hold'em: A Complete Course | ||
| 245 | _cAndy Bloch, Chris Ferguson, and Richard Brodie | ||
| 260 | _c2007 | ||
| 650 | _xGAMBLING | ||
| 856 | _uhttp://down.ebook777.com/043/0446698601.pdf | ||
| 999 |
_c348990 _d348990 |
||